| 000 | 01484nam a2200289Ia 4500 | ||
|---|---|---|---|
| 003 | CO-CtgCURN | ||
| 005 | 20250408233458.0 | ||
| 008 | 190723s9999 xx 000 0 und d | ||
| 020 | _a8476769547 | ||
| 040 |
_aCO-CtgCURN _bspa _ccoctgcurn |
||
| 082 |
_a346.02 _bM538 |
||
| 100 |
_aMéndez Tomás, Rosa M. _eautora _97283 |
||
| 245 | 0 |
_aAcciones sobre arras / _cRosa M. Méndez Tómas, Aura Esther Vilalta Nicuesa |
|
| 250 | _a2 edición | ||
| 260 |
_aBarcelona, España : _bEditorial Bosh S.A., _c2002 |
||
| 300 |
_a96 páginas ; _c20 centímetros |
||
| 490 |
_aBiblioteca básica de práctica procesal; _v109 |
||
| 505 | _aCap.1.Comentario -- Cap.2. Legislación -- Cap.3. Formularios. | ||
| 520 | _aLa presente colección de de acciones civiles analiza, desde un punto de vista eminentemente practico, todos los aspectos procesales de la acción, facilitando, además, el material necesario para su interposición: legislación, jurisprudencia, bibliografía, esquema procedimental y formularios habituales. los pactos o contratos arrales pueden ser muy heterogéneos -de carácter confirmatorio, penal, penitencial y las figuras afines muy diversas | ||
| 521 | _aAREA PROFESIONAL | ||
| 590 | _aPrograma de Derecho_18 | ||
| 650 |
_aContratos _97284 |
||
| 650 |
_aDerecho privado _97285 |
||
| 700 |
_aVilalta Nicuesa, Aura Esther _97286 _eautor |
||
| 942 |
_cBK _h346.02 _iM538 _2ddc _n0 |
||
| 999 |
_c29151 _d29151 |
||